| 000 | 00529nam a2200217Ia 4500 | ||
|---|---|---|---|
| 003 | OSt | ||
| 005 | 20221005115433.0 | ||
| 006 | a|||||r|||| 00| 0 | ||
| 007 | ta | ||
| 008 | 221004b |||||||| |||| 00| 0 tam d | ||
| 024 | _a50464 | ||
| 037 | _cTextual | ||
| 040 |
_aCRL _cCRL _btam |
||
| 041 |
_2tam _atam |
||
| 082 | _aO31,3NJE,27, K9 | ||
| 245 | 0 | _aChandava thilakam jegachirpian | |
| 260 | _c1969 | ||
| 650 | _aTAMIL FICTION | ||
| 942 |
_hO31,3NJE,27, K9 _cTEXL _2cc |
||
| 999 |
_c1034840 _d1034840 |
||